01173nam a2200241Ia 4500001000600000003000900006008004100015040001300056040001300069041001300082100001600095100002900111245003100140245006300171250001100234260001200245260001300257260004900270300005900319500049400378650002800872650003100900H7925IT-RoPAU130308s9999 xx 000 0 und d aIT-RoPAU cIT-RoPAU aITALIANO aGiomi Elisa gCodice Aut. SPICS: 59165 aCentralità della fiction bTelevisione ieri e Oggi. Studi e Analisi Sul Caso Italiano a1a ed. aVENEZIA bMarsilio c2006 [1° Ed.:2006 - Ed.Ling.Originale:2006] a"42 p. (prefazione: no ; testo: 42 [pagine: 230-272])" a"Premessa. Un Genere Antico: Classici; Generi Ibridi; potenza Virale della Fiction; forme della Narrazione Evoluzione e Cambiamenti. Rapporto tra la Fiction e Il Paese: Ambiti familiari e Modelli Femminili; rappresentazione del Diverso, I Grandi Assenti. tra Passato e Presente, tra Produzione e Ricezione: felici Eccezioni e Difficoltà Comuni; Deformazioni Innocue o Pericolosi Abbagli? Conclusione: Dopo Orgoglio, Dopo la Morte di Karol Woytila, Dopo Lo Tsunami e Prima di Altri Eroi." aSAGGI SULLA TELEVISIONE eCodice materia Spics: 6961